LEADER 01027nam a2200277 i 4500 001 991001210629707536 008 110516s2011 it 000 0 ita d 020 $a9788815149657 035 $ab13978408-39ule_inst 040 $aDip.to Scienze pedagogiche$bita 041 $aita$hfre 082 0 $a303.36 100 1 $aDeconchy, Jean-Pierre$0474951 245 12$aL'autoritarismo /$cJean-Pierre Deconchy, Vincent Dru 260 $aBologna :$bIl mulino,$c2011 300 $a114 p. ;$c21 cm 440 0$aUniversale paperbacks il Mulino ;$v600 504 $aBibliografia: p. 99-114 650 04$aAutoritarismo 700 1 $aDru, Vincent$eauthor$4http://id.loc.gov/vocabulary/relators/aut$0512841 907 $a.b13978408$b23-05-11$c16-05-11 912 $a991001210629707536 945 $aLE022 303 DEC01.01 $g1$i2022000134064$lle022$nLE022/MANNARINI/2011$op$pE10.50$q-$rl$s- $t0$u4$v0$w4$x0$y.i1527102x$z23-05-11 996 $aAutoritarismo$91139640 997 $aUNISALENTO 998 $ale022$b16-05-11$cm$da $e-$fita$git $h2$i0 LEADER 01448nam 2200373Ia 450 001 9910698723803321 005 20090423145500.0 035 $a(CKB)5470000002396620 035 $a(OCoLC)319069332 035 $a(EXLCZ)995470000002396620 100 $a20090423d2008 ua 0 101 0 $aeng 135 $auran||||||||| 181 $ctxt$2rdacontent 182 $cc$2rdamedia 183 $acr$2rdacarrier 200 00$aGuidance for industry$b[electronic resource] $eproviding regulatory submissions in electronic format : human pharmaceutical product applications and related submissions using the eCTD specifications 210 1$aSilver Spring, MD :$cU.S. Dept. of Health and Human Services, Food and Drug Administration, Center for Drug Evaluation and Research ;$aRockville, MD :$cCenter for Biologics Evaluation and Research,$d[2008] 215 $aii, 16 pages $cdigital, PDF file 300 $aTitle from PDF title page (viewed on Apr. 23, 2009). 300 $a"June 2008." 300 $a"Revision 2." 517 $aGuidance for industry 606 $aDrug approval$zUnited States 606 $aElectronic filing systems$zUnited States 615 0$aDrug approval 615 0$aElectronic filing systems 712 02$aCenter for Biologics Evaluation and Research (U.S.) 801 0$bGPO 801 1$bGPO 906 $aBOOK 912 $a9910698723803321 996 $aGuidance for industry$93434577 997 $aUNINA